000 00529nam a2200193Ia 4500
005 20250508152331.0
008 008 250505s9999 xx 000 0 eng d
037 _aTextual
040 _aFEDL
_beng
_cFEDL
041 _aeng
_2eng
084 _a150, JOH
_qFEDL
100 _aJohnson Donald M
_983776
245 0 _aPsychology of thought and judgment
260 _aNew York, USA
_bHarper and Brothers
_c1955
300 _ax,515p.
650 _aPsychology
942 _cTEXL
_h150, JOH
999 _c1335771
_d1335771